000 00484nam a2200205Ia 4500
008 170918s9999 xx 000 0 und d
020 _a9780545659376
050 _bA411 1992
100 _aAliki
245 _aI'm growing! /
245 _cAliki.
260 _aNew York :
260 _bScholastic,
260 _c1992
300 _a31 pages :
300 _bcolored illustration ;
300 _c20cm.
440 _aLet's-read-and-find-out science, stage 1.
500 _a400
999 _c341347
_d341347